000 00791nam a22002417a 4500
003 OSt
005 20251125141516.0
008 251125b |||||||| |||| 00| 0 eng d
020 _a978-1-83882-779-3
040 _aDWCL-Main lib
_cOC
082 _2 Second edition
_aCirc. 005.8 D591c 2019
100 _aDiogenes, Yuri
245 _aCybersecurity - attack and defense strategies/
_cYuri Diogenes
250 _aSecond edition
260 _aBringham, U.K : .
_b Packtpublishing ,
_cc2019.
300 _axvi, 610 pages :
_billustrations ;
_c24cm.
504 _aIncludes index
650 _a1. Computer Crimes
650 _a2. Computer networks-- Security measures
650 _a3. Computer security
700 _aErdal Ozkaya
942 _2ddc
_cBK-CIRC
_eSecond edition
_kCirc.
_n0
999 _c6284
_d6284